LEADER 01198nam a2200253 u 4500 001 000000016630 003 CaOOAMICUS 005 20070226110020.0 008 941216s1804 it cf u000 u lat u 035 $a10389075 040 $aPUL(R)$bita 100 0 $aIgnatius Loyola,$cs.,$d1491-1556.$0(OLS)http://pul/name/15097 240 10$aLettere$9(Ignatius Loyola, s., 1491-1556).$0(OLS)http://pul/title/23733 245 10$aEpistolae sancti Ignatii Loyolae ... libris quatuor distributae, quibus accedit Liber sententiaurm .. 260 $aBononiae :$btypis Gasparis de Franciscis,$c1804. 300 $axix, 671 p., [1] c. di tav. :$bant. (ritr.) ;$c24 cm 500 $aContiene indice. 504 $aBibliografia in nota. 850 $aPUL 852 $aPUL$W1$xDP1 Antico 800$y27$m549 I 7$j23412$nBK-PRI$b $qStampati Antico$B23412$CPULBib$Z2$F23412 $H $81 900 $aIgnazio di Loyola,$cs.,$d1491-1556$915097 941 1 $a15 996 $6245$aEpistolae sancti Ignatii Loyolae ... libris quatuor distributae, quibus accedit Liber sententiaurm ..$9(OLS)http://pul/title/23734 996 $6260$aBononiae :$btypis Gasparis de Franciscis$9(OLS)http://pul/publisher/55104 LEADER 01801nam a2200313 u 4500 001 000000116331 003 CaOOAMICUS 005 20090622113739.0 008 090622s2009 it u000 u ita r 020 $z978-88-372-2301-4* 040 $aPUL$bita$dLDB 100 1 $aCatto, Michela.$0(OLS)http://pul/name/52312 245 13$aLa Compagnia divisa :$bil dissenso nell'ordine gesuitico tra '500 e '600 /$cMichela Catto. 260 $aBrescia :$bMorcelliana,$cc2009. 300 $a248 p. ;$c21 cm 490 1 $aStoria ;$v32 500 $aIn appendice: Discordo del padre Giovanni Mariana intorno a' grand'errori, che sono nella forma del governo dei giesuiti (1625). 504 $aBibliografia in nota. 610 24$aGesuiti$xStoria$ySec. XVI-XVII.$0(OLS)http://pul/subject/35525 700 1 $aMariana, Juan de,$cS.I.,$d1536-1624.$tDiscursus de reformatione Societatis .$lItaliano.$0(OLS)http://pul/nameTitle/973$0(OLS)http://pul/name/16736$0(OLS)http://pul/title/146192 740 02$aDiscorso del padre Giovanni Mariana Giesuita spagnuolo intorno a' grand'errori, che sono nella forma del governo dei Giesuiti. 830 0$aStoria (Morcelliana) ;$v32.$0(OLS)http://pul/title/99994 850 $aPUL 852 $aPUL$W1$xSL Religione 3$y85$m271. 53 CATMI 1$j133324$qDDC 21$B132352$CPULBib$Z2$F132352 $H110288 $82 941 1 $a9 996 $6020$z978-88-372-2301-4*$9(OLS)http://pul/number/141230 996 $6245$aLa Compagnia divisa :$bil dissenso nell'ordine gesuitico tra '500 e '600$9(OLS)http://pul/title/146190 996 $6740$aDiscorso del padre Giovanni Mariana Giesuita spagnuolo intorno a' grand'errori, che sono nella forma del governo dei Giesuiti$9(OLS)http://pul/title/146193 996 $6260$aBrescia :$bMorcelliana$9(OLS)http://pul/publisher/47854 LEADER 01418nam a2200325 a 4500 001 000000125406 003 CaOOAMICUS 005 20110520150825.0 008 110520s2010 it u000 u ita r 020 $a978-88-348-9692-1 040 $aPUL$bita 082 04$a345.4502 245 02$aI reati contro il patrimonio /$cMario De Giorgio, Mario Guagliani, Stefano Tovani (a cura di) 260 $aTorino :$bG. Giappichelli,$c©2010. 300 $aXIV, 560 p. ;$c25 cm 490 1 $aArgomenti del diritto. Area Diritto Penale ;$v1 504 $aBibliografia p. [543]-556. 650 4$aDiritto penale$zItalia.$0(OLS)http://pul/subject/10217 700 1 $aDe Giorgio, Mario.$0(OLS)http://pul/name/79355 700 1 $aGuagliani, Mario.$0(OLS)http://pul/name/79356 700 1 $aTovani, Stefano.$0(OLS)http://pul/name/79357 830 0$aArgomenti del diritto.$pArea Diritto Penale ;$v1.$0(OLS)http://pul/title/158125 850 $aPUL 852 $aPUL$W1$xSL Diritto e Scienze Sociali 3$y79$m345. 4502 DEGMA 1$j144425$qDDC 21$B143454$CPULBib$Z2$F143454 $H116266 $82 941 1 $a9 996 $6020$a978-88-348-9692-1$9(OLS)http://pul/number/147257 996 $6082$a345.4502$9(OLS)http://pul/classification/2020 996 $6245$aI reati contro il patrimonio$9(OLS)http://pul/title/152679 996 $6260$aTorino :$bG. Giappichelli$9(OLS)http://pul/publisher/49130 LEADER 01099nam a2200241 u 4500 001 000000071981 003 CaOOAMICUS 005 20070226122206.0 008 020610s1975 it a u000 u ita u 035 $a10932617 040 $aPUL(R)$bita 100 1 $aVincelli, Elvira.$0(OLS)http://pul/name/47681 245 13$aIl cinema capovolto :$bil cinema di ricerca nella scuola dell'obbligo /$cElvira Vincelli ; introduzione di Lucio Lombardo Radice. 260 $aFirenze :$bGuaraldi,$cc1975. 300 $a118 p. :$bill. ;$c19 cm 490 1 $aLe frontiere dell'educazione ;$v24 650 4$aCinema$xEducazione.$0(OLS)http://pul/subject/14816 830 3$aLe frontiere dell'educazione ;$v24.$0(OLS)http://pul/title/94716 850 $aPUL 852 $aPUL$W1$xDP1 Cons. Gen., Altre Classi 1$y22$m846 A 15$j93117$nBK-PRI$b $qStampati$B93117$CPULBib$Z2$F93117 $H64481 $81 941 1 $a8 996 $6245$aIl cinema capovolto :$bil cinema di ricerca nella scuola dell'obbligo$9(OLS)http://pul/title/94721 996 $6260$aFirenze :$bGuaraldi$9(OLS)http://pul/publisher/65224 LEADER 01499nam a2200337 a 4500 001 000000139236 003 CaOOAMICUS 005 20140711112751.0 008 140711s2014 it u000 u ita r 020 $a978-88-13-33982-1 040 $aPUL$bita 082 04$a346.4507 245 03$aLa legge fallimentare :$bcommetario teorico-pratico /$ca cura di Massimo Ferro ; con la collaborazione di Gastone Andreazza, ... [et al.]. 250 $a3. ed. 260 $aPadova :$bCEDAM ;$aMilanofiori Assago :$bWolters Kluwer,$c2014. 300 $aLXVI, 3100 p. ;$c25 cm 500 $aInclude indice. 504 $aBibliografia in nota. 650 4$aFallimento (diritto).$0(OLS)http://pul/subject/17091 650 4$aDiritto commerciale$zItalia.$0(OLS)http://pul/subject/1274 700 1 $aFerro, Massimo.$0(OLS)http://pul/name/45080 700 1 $aAndreazza, Gastone.$0(OLS)http://pul/name/79449 850 $aPUL 852 $aPUL$W1$xSL Diritto e Scienze Sociali 3$y79$m346. 4507 FERMA 1$j160850$qDDC 21$B160245$CPULBib$Z2$F160245 $H124398 $82 941 1 $a9 996 $6020$a978-88-13-33982-1$9(OLS)http://pul/number/155747 996 $6082$a346.4507$9(OLS)http://pul/classification/1803 996 $6245$aLa legge fallimentare :$bcommetario teorico-pratico$9(OLS)http://pul/title/158240 996 $6260$aPadova :$bCEDAM$9(OLS)http://pul/publisher/48126 996 $6260$aMilanofiori Assago :$bWolters Kluwer$9(OLS)http://pul/publisher/81463 LEADER 01198nam a2200301 a 4500 001 000000141646 003 CaOOAMICUS 005 20150204151243.0 008 150204s1971 it u000 u ita r 040 $aPUL$bita 041 1 $aita$hger 100 1 $aMeinecke, Friedrich,$d1862-1954.$0(OLS)http://pul/name/7190 240 10$aErlebtes.$lItaliano.$0(OLS)http://pul/title/179267 245 10$aEsperienze 1862-1919 /$cFriedrich Meinecke ; a cura di F. Tessitore. 260 $aNapoli :$bGuida,$c©1971. 300 $a368 p. ;$c21 cm 490 1 $aBiblioteca di saggistica ;$v06 504 $aBibliografia in nota. 651 4$aGermania$xStoria$ySec. XIX-XX.$0(OLS)http://pul/subject/23444 700 1 $aTessitore, Fulvio.$0(OLS)http://pul/name/13024 830 0$aBiblioteca di saggistica ;$v06.$0(OLS)http://pul/title/36760 850 $aPUL 852 $aPUL$W1$xDP1 Fondo Capitani$y116$m9 A 2$j18576$qFondi$B163417$CPULBib$Z2$F163417 $HCap741 $82 941 1 $a1 961 $aNota ms. di possesso: Capitani. 996 $6245$aEsperienze 1862-1919$9(OLS)http://pul/title/179268 996 $6260$aNapoli :$bGuida$9(OLS)http://pul/publisher/50764 LEADER 00985nam a2200253 a 4500 001 000000151055 003 CaOOAMICUS 005 20160406104338.0 008 160406s1922 it af u000 u ita r 032 $aLibriCat 040 $aPUL$bita 100 1 $aLevi, Cesare.$0(OLS)http://pul/name/96119 245 10$aStudi molieriani / $cCesare Levi. 260 $aMilano (etc.) :$bRemo Sandron,$c1922. 300 $a230 p. :$bill., tav. ;$c20 cm. 490 1 $aBiblioteca Sandron di scienze e lettere ;$v76 600 04$aMolière,$d1622-1673.$0(OLS)http://pul/subject/16660 830 0$aBiblioteca Sandron di scienze e lettere ;$v76.$0(OLS)http://pul/title/31318 850 $aPUL 852 $aPUL$W1$xDP1 Cons. Gen., Altre Classi 1$y22$m735 B 30$j173455$qStampati$B175728$CPULBib$Z2$F175728 $81 941 1 $a8 996 $6245$aStudi molieriani / $9(OLS)http://pul/title/190241 996 $6260$aMilano (etc.) :$bRemo Sandron$9(OLS)http://pul/publisher/77491 LEADER 04320nam a2200601 a 4500 001 000000128122 003 CaOOAMICUS 005 20120321115950.0 008 120321s1564 it u001 u lat r 026 $ai-sa lee-$bu-si qudo (3)$d1564 (R) 040 $aPUL$bita 041 0 $alat$agrc 100 0 $aSalvianus Massiliensis,$dc. 400-c. 470.$0(OLS)http://pul/name/5014 240 10$aDe gubernatione Dei.$0(OLS)http://pul/title/132405 245 10$aSalviani, episcopi Massiliensis, De vero iudicio et providentia Dei libri VIII. Maximi Taurinensis Homiliae. Paciani Barcilonensis De paenitentia, et confessione. Sulpicii Severi Sacrae historiae libri duo. Dorothei Tyrii De prophetis, et discipulis Domini. Haymonis Halberstattensis Sacrae historiae epitome. Adiunctis in tres posteriores Petri Galesinii notationibus ... 246 30$aDe vero iudicio et providentia Dei libri VIII 260 $aRomae :$bapud Paulum Manutium, Aldi F. :$bIn aedibus populi Romani,$c1564. 300 $a[12], 385 [i.e. 383], [33] p. ;$cfol. (29 cm). 500 $aSegnatura: a6 A-Z6 2A-2C6 2D4 2E-2I6 2k-2m6. 500 $aMarca tipografica sul front.: Ancora con delfino (V 221; Z 44). 500 $aIn calce al front.: Cum privilegio Pii IIII, Pont. Max. 500 $aIl nome del curatore "Petrus Galesinius" compare nella dedicatoria a c. a2r e a c. a6r. 500 $aIniziali xil. 500 $aLetterine guida in corrispondenza delle iniziali di paragrafo. 500 $aInclude indici. 546 $aTesto in latino con alcuni vocaboli in greco. 662 $aItalia$dRoma.$0(OLS)http://pul/subject/34878 700 0 $aMaximus Taurinensis,$dm. ante 423.$0(OLS)http://pul/name/4587 700 0 $aPacianus Barcinonensis,$csanto,$dmorto prima 392.$0(OLS)http://pul/name/18867 700 0 $aSulpicius Severus,$dc. 363-420.$0(OLS)http://pul/name/7430 700 0 $aDorotheus Tyrius,$dm. ca. 362.$0(OLS)http://pul/name/81840 700 0 $aHaymo,$cvesc. di Halberstadt,$dm. 853.$0(OLS)http://pul/name/25157 700 1 $aGalesini, Pietro,$dca.1520-1590.$0(OLS)http://pul/name/71416 700 02$aMaximus Taurinensis,$dm. ante 423.$tHomiliae.$0(OLS)http://pul/nameTitle/1613$0(OLS)http://pul/name/4587$0(OLS)http://pul/title/161903 700 02$aSulpicius Severus,$dc. 363-420.$tChronica.$0(OLS)http://pul/nameTitle/839$0(OLS)http://pul/name/7430$0(OLS)http://pul/title/17022 700 02$aPacianus Barcinonensis,$csanto,$dmorto prima 392.$tParaenesis ad poenitentiam.$0(OLS)http://pul/nameTitle/1614$0(OLS)http://pul/name/18867$0(OLS)http://pul/title/161906 710 2 $aStamperia del Popolo Romano.$0(OLS)http://pul/name/70945 710 0 $aManuzio, Paolo,$d1540-1572$4pbl.$0(OLS)http://pul/name/79956 850 $aPUL 852 $aPUL$W1$xDP1 Antico 500$y12$m525 B 9$j148299$qStampati Antico$B146905$CPULBib$Z2$F146905 $82 900 $aMassimo,$cs., vesc. di Torino,$dm. ante 423$94587 900 $aSalviano,$cpresbitero di Marsiglia,$dc. 400-c. 470$95014 900 $aPaciano,$csanto, vescovo di Barcellona,$dmorto prima 392$918867 900 $aSulpicio Severo,$dc.363-420$97430 900 $aMassimo,$cs., vesc. di Torino,$dm. ante 423$94587 900 $aSulpicio Severo,$dc.363-420$97430 900 $aPaciano,$csanto, vescovo di Barcellona,$dmorto prima 392$918867 941 1 $a15 961 $aStemma di Gregorio XIII; Stemma dell'ordine dei Gesuiti (JHS) sul dorso.Precedenti collocazioni sul verso della coperta: D V 26; 24 F 13.Nota ms. sulla coperta anteriore: "Sac. V".Precedente appartenenza: Collegio Germanico - Bibl. Sup. Tagli spruzzati di rosso e verde.Stato di conservazione: carte da restaurare. 996 $6246$aDe vero iudicio et providentia Dei libri VIII$9(OLS)http://pul/title/161896 996 $6245$aSalviani, episcopi Massiliensis, De vero iudicio et providentia Dei libri VIII. Maximi Taurinensis Homiliae. Paciani Barcilonensis De paenitentia, et confessione. Sulpicii Severi Sacrae historiae libri duo. Dorothei Tyrii De prophetis, et discipulis Domini. Haymonis Halberstattensis Sacrae historiae epitome. Adiunctis in tres posteriores Petri Galesinii notationibus ...$9(OLS)http://pul/title/161894 996 $6260$aRomae :$bapud Paulum Manutium, Aldi F. :$bIn aedibus populi Romani$9(OLS)http://pul/publisher/81942